MARC details
| 000 -CABECERA |
| campo de control de longitud fija |
01231cam a22001937a 4500 |
| 003 - IDENTIFICADOR DEL NÚMERO DE CONTROL |
| campo de control |
MX-MxUPN |
| 005 - FECHA Y HORA DE LA ÚLTIMA TRANSACCIÓN |
| campo de control |
20240809110247.0 |
| 008 - ELEMENTOS DE LONGITUD FIJA--INFORMACIÓN GENERAL |
| campo de control de longitud fija |
240626s2017 mx| |||fr|||| 100 0 spa d |
| 040 ## - FUENTE DE LA CATALOGACIÓN |
| Centro catalogador/agencia de origen |
MX-MxUPN |
| Lengua de catalogación |
spa |
| 050 #4 - SIGNATURA TOPOGRÁFICA DE LA BIBLIOTECA DEL CONGRESO |
| Número de clasificación |
K2146 |
| Número de documento/Ítem |
M46 2017 |
| 245 10 - MENCIÓN DE TÍTULO |
| Título |
Memorias del diplomado internacional sobre ética profesional y anticorrupción : |
| Resto del título |
desde una visión de derechos humanos |
| 260 ## - PUBLICACIÓN, DISTRIBUCIÓN, ETC. |
| Lugar de publicación, distribución, etc. |
México : |
| Nombre del editor, distribuidor, etc. |
Tribunal Superior de Justica de la Ciudad de México, |
| Fecha de publicación, distribución, etc. |
2017. |
| 300 ## - DESCRIPCIÓN FÍSICA |
| Extensión |
120 páginas |
| 505 00 - NOTA DE CONTENIDO CON FORMATO PREESTABLECIDO |
| Título |
La ética como principio en la formación del juez / |
| Mención de responsabilidad |
Antonio Muñozcano Eternod. -- |
| Título |
Liderazgo como instrumento de cambio / |
| Mención de responsabilidad |
Fabián Rojas Ramírez. -- |
| Título |
Aprendizaje complejo en el derecho con base en procesos cognitivos básicos y superiores (hacía un modelo integral de formación jurídica) / |
| Mención de responsabilidad |
Enrique Cáceres Nieto. -- |
| Título |
La pedagogía en la formación de formadores contra la corrupción desde un perspectiva de la ética profesional y los derechos humanos / |
| Mención de responsabilidad |
Enrique Farfán Mejía. |
| 650 #4 - ASIENTO SECUNDARIO DE MATERIA - TERMINO TEMATICO |
| 9 (RLIN) |
52978 |
| Término de materia o nombre geográfico como elemento de entrada |
Jueces |
| Subdivisión general |
Formación profesional |
| -- |
Aspectos morales y éticos |
| 650 #0 - ASIENTO SECUNDARIO DE MATERIA - TERMINO TEMATICO |
| 9 (RLIN) |
52975 |
| Término de materia o nombre geográfico como elemento de entrada |
Justcia |
| Subdivisión general |
Admnistración |
| -- |
Aspectos morales y éticos |
| 902 ## - ELEMENTOS DE DATOS B LOCAL, LDB (RLIN) |
| Creó |
MarielOrtiz/260624 |
| Modificó |
VíctorGodínez/090824 |
| 942 ## - ELEMENTOS DE PUNTO DE ACCESO ADICIONAL (KOHA) |
| Fuente del sistema de clasificación o colocación |
Library of Congress Classification |
| Tipo de ítem Koha |
Libro |